000 00982cam a2200313 i 4500
999 _c200430858
_d49042
001 200430858
003 TR-AnTOB
005 20230826001026.0
007 ta
008 180313t2018 tu e 001 0dtur d
020 _a9786056799617
040 _aATILIM
_beng
_e rda
_c ATILIM
_dTR-AnTOB
041 0 _atur
050 1 4 _aKKX2070
090 _aKKX2070
_b.E732 2018
100 _aErdoğan, Mustafa
_d1956-
_eauthor
_927055
245 1 0 _aTürk anayasa hukuku /
_cProf. Dr. Mustafa Erdoğan.
264 1 _aAnkara :
_b Hukuk Yayınları,
_c2018.
264 4 _c ©2018
300 _axiv, 258 pages ;
_c 24 cm
336 _atext
_btxt
_2 rdacontent
337 _aunmediated
_bn
_2 rdamedia
338 _avolume
_bnc
_2 rdacarrier
504 _aIncludes bibliographical references (pages : [250]- 253) and index.
650 7 _aAnayasa hukuku
_z Türkiye
_2etuturkob
_939580
650 0 _aAnayasa hukuku
_zTürkiye
_9116005
942 _2lcc
_cBK